| 000 | 00674nam a2200205Ia 4500 | ||
|---|---|---|---|
| 003 | GCL | ||
| 008 | 140319s9999 xx 000 0 ara d | ||
| 040 |
_aGCL / _cGCL |
||
| 082 | 0 | 4 |
_a953.04 _bا ض |
| 100 | 1 | _aاحمد امين | |
| 245 | 1 | 0 |
_aضحى الاسلام / _cاحمد امين |
| 250 | _aالخامسة | ||
| 260 |
_aالقاهرة : _bمكتبة النهضة المصرية ، _c1956 |
||
| 300 |
_a432 ص ؛ _c24 سم |
||
| 650 | 0 | 4 | _aالتاريخ الاسلامى |
| 650 | 0 | 4 | _aالدولة العباسية |
| 650 | 0 | 4 | _aالفرق الاسلامية |
| 650 | 0 | 4 | _aالدولة العباسية - الحياة الاجتماعية |
| 942 |
_2ddc _cBK |
||
| 999 |
_c46399 _d46399 |
||